000 01071cam a2200277 a 4500
001 4521887
005 20161119145942.0
008 990416s2000 nyua d 001 0 eng
010 _a 99027123
020 _a0130127310
040 _aDLC
_cDLC
_dDLC
050 0 0 _aPN41
_b.H355 2000
082 0 0 _aDRef 803
_22000
_bH19
100 1 _aHarmon, William,
_d1938-
245 1 2 _aA handbook to literature/
_cWilliam Harmon and C. Hugh Holman.
250 _a8th edition
260 _aUpper Saddle River, N.J.:
_bPrentice Hall,
_cc2000.
300 _aix, 671 pages;
_c23 cm.
500 _a"Based on the original edition by William Flint Thrall and Addison Hibbard."
500 _aIncludes index.
650 0 _aLiterature
_vDictionaries.
700 _aHolman, C. Hugh
_q(Clarence Hugh),
_d1914-1981.
_917675
_eAuthor
906 _a7
_bcbc
_corignew
_d1
_eocip
_f19
_gy-gencatlg
942 _2ddc
_cDREF
999 _c5799
_d5799